<?xml version="1.0" encoding="UTF-8"?>
<record
    xmlns:xsi="http://www.w3.org/2001/XMLSchema-instance"
    xsi:schemaLocation="http://www.loc.gov/MARC21/slim http://www.loc.gov/standards/marcxml/schema/MARC21slim.xsd"
    xmlns="http://www.loc.gov/MARC21/slim">

  <leader>02410cam a22003015a 4500</leader>
  <datafield tag="999" ind1=" " ind2=" ">
    <subfield code="c">26930</subfield>
    <subfield code="d">26902</subfield>
  </datafield>
  <controlfield tag="001">20178838</controlfield>
  <controlfield tag="005">20181103091122.0</controlfield>
  <controlfield tag="008">171208s2018    enk    frb    001 0 eng d</controlfield>
  <datafield tag="010" ind1=" " ind2=" ">
    <subfield code="a">  2017057739</subfield>
  </datafield>
  <datafield tag="020" ind1=" " ind2=" ">
    <subfield code="a">9781138504929 (hbk)</subfield>
  </datafield>
  <datafield tag="040" ind1=" " ind2=" ">
    <subfield code="a">DLC</subfield>
    <subfield code="b">eng</subfield>
    <subfield code="c">DLC</subfield>
    <subfield code="d">DLC</subfield>
    <subfield code="d">EG-ScBUE</subfield>
  </datafield>
  <datafield tag="043" ind1=" " ind2=" ">
    <subfield code="a">e-uk---</subfield>
  </datafield>
  <datafield tag="082" ind1="0" ind2="4">
    <subfield code="a">342.41</subfield>
    <subfield code="b">DOH</subfield>
    <subfield code="2">22</subfield>
  </datafield>
  <datafield tag="100" ind1="1" ind2=" ">
    <subfield code="a">Doherty, Michael</subfield>
    <subfield code="c">(Law teacher)</subfield>
    <subfield code="9">41870</subfield>
  </datafield>
  <datafield tag="245" ind1="1" ind2="0">
    <subfield code="a">Public law /</subfield>
    <subfield code="c">Michael Doherty.</subfield>
  </datafield>
  <datafield tag="250" ind1=" " ind2=" ">
    <subfield code="a">2nd ed.</subfield>
  </datafield>
  <datafield tag="260" ind1=" " ind2=" ">
    <subfield code="a">Oxon ;</subfield>
    <subfield code="a">New York :</subfield>
    <subfield code="b">Routledge / Taylor &amp; Francis,</subfield>
    <subfield code="c">2018.</subfield>
  </datafield>
  <datafield tag="300" ind1=" " ind2=" ">
    <subfield code="a">xxi, 596 p. :</subfield>
    <subfield code="b">ill. ;</subfield>
    <subfield code="c">24 cm.</subfield>
  </datafield>
  <datafield tag="490" ind1="0" ind2=" ">
    <subfield code="a">Spotlights</subfield>
  </datafield>
  <datafield tag="504" ind1=" " ind2=" ">
    <subfield code="a">Includes bibliographical references and index.</subfield>
  </datafield>
  <datafield tag="505" ind1="0" ind2=" ">
    <subfield code="a">Studying public law -- Institutions -- Parliament and legislation -- Constitutions -- Constitutional conventions -- Royal prerogative -- Supremacy of parliament -- Supremacy and european law -- Separation of powers -- The rule of law -- Devolution -- Judicial review : access to justice -- Ground of judicial review -- Ombudsmen and tribunals -- Human rights -- Police and security powers -- Freedom of expression -- Freedom of assembly and public protest.</subfield>
  </datafield>
  <datafield tag="520" ind1=" " ind2=" ">
    <subfield code="a">"Public Law is an ideal choice for all undergraduate and GDL students looking for a comprehensive yet accessible textbook on this area of law. The author's clear writing style, accessible tone, and focus on modern case law help bring the subject to life. The book covers the key institutions, concepts, and legal rules of the United Kingdom's constitutional system, with the chapters arranged around four subjects: the foundations of the constitutional system; Constitutional Law; Administrative Law; and human rights. The book's central theme is that of State power, and the relationship between the State and the citizen. The second edition has been revised to reflect recent key developments in Public Law, and now extensively explores, in addition to several other key chapter updates, the impact of the 2016 EU referendum, the 2017 General Election, and changes in devolution across England, Scotland, and Wales. Clearly written and easy to use, Public Law enables students to fully engage with the topic and gain a profound understanding of this fundamental, exciting area"--Provided by publisher.</subfield>
  </datafield>
  <datafield tag="650" ind1=" " ind2="7">
    <subfield code="a">Public law</subfield>
    <subfield code="z">Great Britain.</subfield>
    <subfield code="2">BUEsh</subfield>
  </datafield>
  <datafield tag="651" ind1=" " ind2=" ">
    <subfield code="2">BUEsh</subfield>
  </datafield>
  <datafield tag="653" ind1=" " ind2=" ">
    <subfield code="b">LLAAWW</subfield>
    <subfield code="c">November2018</subfield>
  </datafield>
  <datafield tag="655" ind1=" " ind2=" ">
    <subfield code="v">Reading book</subfield>
  </datafield>
  <datafield tag="942" ind1=" " ind2=" ">
    <subfield code="2">ddc</subfield>
  </datafield>
  <datafield tag="952" ind1=" " ind2=" ">
    <subfield code="0">0</subfield>
    <subfield code="1">0</subfield>
    <subfield code="2">ddc</subfield>
    <subfield code="4">0</subfield>
    <subfield code="7">0</subfield>
    <subfield code="8">Baccah</subfield>
    <subfield code="a">MAIN</subfield>
    <subfield code="b">MAIN</subfield>
    <subfield code="c">1ST</subfield>
    <subfield code="d">2018-11-03</subfield>
    <subfield code="e">Purchase</subfield>
    <subfield code="g">1850.00</subfield>
    <subfield code="l">0</subfield>
    <subfield code="o">342.41 DOH</subfield>
    <subfield code="p">000043746</subfield>
    <subfield code="r">2025-12-16 00:00:00</subfield>
    <subfield code="y">NB</subfield>
  </datafield>
  <datafield tag="952" ind1=" " ind2=" ">
    <subfield code="0">0</subfield>
    <subfield code="1">0</subfield>
    <subfield code="2">ddc</subfield>
    <subfield code="4">0</subfield>
    <subfield code="7">0</subfield>
    <subfield code="8">Baccah</subfield>
    <subfield code="a">MAIN</subfield>
    <subfield code="b">MAIN</subfield>
    <subfield code="c">1ST</subfield>
    <subfield code="d">2018-11-03</subfield>
    <subfield code="e">Purchase</subfield>
    <subfield code="g">1850.00</subfield>
    <subfield code="l">7</subfield>
    <subfield code="m">12</subfield>
    <subfield code="o">342.41 DOH</subfield>
    <subfield code="p">000043747</subfield>
    <subfield code="q">2026-01-03</subfield>
    <subfield code="r">2025-11-26 00:00:00</subfield>
    <subfield code="s">2025-11-26</subfield>
    <subfield code="y">BB</subfield>
  </datafield>
  <datafield tag="952" ind1=" " ind2=" ">
    <subfield code="0">0</subfield>
    <subfield code="1">0</subfield>
    <subfield code="2">ddc</subfield>
    <subfield code="4">0</subfield>
    <subfield code="7">0</subfield>
    <subfield code="8">Baccah</subfield>
    <subfield code="a">MAIN</subfield>
    <subfield code="b">MAIN</subfield>
    <subfield code="c">1ST</subfield>
    <subfield code="d">2018-11-03</subfield>
    <subfield code="e">Purchase</subfield>
    <subfield code="g">1850.00</subfield>
    <subfield code="l">9</subfield>
    <subfield code="m">35</subfield>
    <subfield code="o">342.41 DOH</subfield>
    <subfield code="p">000043748</subfield>
    <subfield code="r">2025-12-21 00:00:00</subfield>
    <subfield code="s">2025-12-18</subfield>
    <subfield code="y">BB</subfield>
  </datafield>
</record>
